000 01064cam a2200229 4500
001 ABS67062
008 031001n2003 000 0 eng u
035 _a(Sirsi) u123790
100 _aBond, S.
245 _aInternational real estate returns: a multifactor, multicountry approach
260 _c2003
490 _aReal Estate Economics
_v31(3) 481-500(11)
520 _aExamines the risk and return characteristics of publicly traded real estate companies from 14 countries over the periods 1990 to 2001. Data consists of monthly country level commercial real estate indexes constructed by the European Public Real Estate Association. Finds evidence of strong global market risk components. Findings imply that the international diversification opportunities with real estate companies are more complex than previously thought. [Taken from journal abstract].
590 _aABS
650 _aREAL ESTATE
650 _aINVESTMENT
650 _aECONOMICS
690 _aECONOMIC ISSUES
700 _aKarolyi, G.
700 _aSanders, A.
942 _n0
999 _c73512
_d73512